00662nam a2200241 a 4500001001300000003000900013005001700022008004100039020001000080082001300090100001700103245002600120260002800146300000900174500003500183505001500218650002600233700001700259902000800276942000700284952011400291999001500405nice12345678IN_TiNIC20260116012541.0050524s0000 egya grp 000 0 ara  ac10000a231bNEI aNeil, Steven aAllahu Fil Masihiyat. aEgyptbNile Pressc0000 a126p aincludes index and biblioraphy2 aRoman Urdu aGod-Biblical Teaching1 aNeil, Steven bSRS cBK 001040708StackRoom-aHMIbHMId2007-06-14g100.00l0o231 NEIp011643r2007-06-14v100.00w2005-05-24yBK c7431d7431